000 00232nam a2200097Ia 4500
008 170619s9999 xx 000 0 und d
100 _aLathi- B.P.
245 0 _aPrinciples of Linear Systems and Signals
260 _bOxford
260 _c2012
546 _aENGLISH
999 _c20873
_d20873